El diseño industrial en la historia

Guardat en:
Dades bibliogràfiques
Autors principals: Gay, Aquiles (Autor), Samar, Lidia (Autor)
Format: Llibre
Idioma:espanyol
Publicat: Córdoba Ediciones Tec 2004
Edició:2a. ed
Matèries:
Etiquetes: Afegir etiqueta
Sense etiquetes, Sigues el primer a etiquetar aquest registre!

MARC

LEADER 00000cam a2200000 a 4500
001 UCE1798
003 CL-VaPUC
008 140519e20040000ag |||||||||||||||||spa|d
020 |a 987215970X 
082 0 4 |a 745.2  |b GAY  |2 21 
100 0 |a Gay, Aquiles  |e author  |9 574176 
700 0 |a Samar, Lidia  |e author  |9 574177 
245 1 3 |a El diseño industrial en la historia 
250 |a 2a. ed 
300 |a 233 p 
942 |c BK 
945 |d 20140519 10:12:00  |a dcastane 
260 |a Córdoba  |b Ediciones Tec  |c 2004 
650 0 |a Diseño industrial  |9 262726 
650 0 |a Historia del diseño industrial  |9 469286 
650 0 |a Productos industriales  |9 351544 
583 |a last modification  |c 20140519 10:12:00  |k Rodrigo Vera 
999 |c 355484  |d 355482 
952 |0 0  |1 0  |3 erb  |4 0  |6 745_200000000000000_GAY_2004  |7 0  |8 A  |9 462232  |a BIBARQ  |b BIBARQ  |i 5080126  |o 745.2 GAY 2004  |p 5080126  |r 2025-01-20  |w 2019-11-23  |y BK  |z Catalogado en:20140519  |k ARQ